Grandes villes d'Europe par images - Statistiques

Statistiques générales
  • Ce quiz a été pris 247 fois
  • Le résultat moyen est 8 sur 10
Statistiques - réponses
Par images Réponse % Correct
Paris
100%
Londres
98%
Moscou
96%
Amsterdam
86%
Bruxelles
86%
Lisbonne
85%
Madrid
77%
Dublin
71%
Florence
67%
Lyon
43%
Aucun quiz correspondant
Distribution des résultats
% des personnes avec chaque résultat
Percentile par nombre de réponses
Votre historique - résultats
Vous n’avez pas pris ce quiz